Biggest cities in central asia - Statistics

General Stats
  • This quiz has been taken 10 times
  • The average score is 9 of 21
Answer Stats
country city % Correct
Tajikistan Dushanbe
100%
Uzbekistan Tashkent
100%
Kazakhstan Astana
89%
Kazakhstan Almaty
78%
Kyrgyzistan Bishkek
78%
Turkmenistan Ashghabat
67%
Uzbekistan Bukhara
56%
Uzbekistan Samarkand
44%
Kazakhstan Shymkent
44%
Uzbekistan Andijan
33%
Uzbekistan Ferghana
33%
Kazakhstan Karaganda
33%
Uzbekistan Kokand
33%
Kyrgyzistan Osh
33%
Kazakhstan Aktobe
22%
Uzbekistan Namangan
22%
Karakalpakistan-uzb Nukus
22%
Turkmenistan mary
11%
Kazakhstan Taraz
11%
Uzbekistan Urgench
11%
Kazakhstan Turkistan
0%
No matching quizzes found
Score Distribution
Percent of People with Each Score
Percentile by Number Answered
Your Score History
You have not taken this quiz